000 00271nam a2200109Ia 4500
008 200302s9999 xx 000 0 und d
100 _aSiemens
245 _aWhat Architects Cook up
260 _bBirkhauser Publlisher for Architecture
260 _c2013
300 _a160 P.,
999 _c4335
_d4335